| 000 | 00777na a2200241 4500 | ||
|---|---|---|---|
| 001 | 15359 | ||
| 003 | MIRAKIL | ||
| 005 | 20181213155133.0 | ||
| 008 | 161006b tu 000 0 | ||
| 035 | _a15359 | ||
| 040 |
_aMilas _btur _cTR-AnCHP |
||
| 041 | _atur | ||
| 082 |
_a327.56104 _bU48t 2006 |
||
| 090 | _a327.56104 U48t 2006 | ||
| 110 | _aUluslararası Stratejik Araştırmalar Kurumu | ||
| 245 |
_aTürkiye-AB ilişkileri çerçevesinde kıbrıs sorunu ve çözüm önerileri _cUluslararası Stratejik Araştırmalar Kurumu |
||
| 260 |
_aAnkara _bUSAK _c2009 |
||
| 300 |
_a79 s. _c30 sm. |
||
| 650 | _aKıbrıs sorunu | ||
| 651 |
_aTürkiye _xKıbrıs sorunu _zAvrupa Birliği |
||
| 651 |
_aTürkiye _xUluslararası ilişkiler _zAvrupa Birliği |
||
| 942 |
_2ddc _cBKS |
||
| 999 |
_c7272 _d7272 |
||